| 000 | 00386pab a2200157 454500 | ||
|---|---|---|---|
| 008 | 180718b1995 xxu||||| |||| 00| 0 eng d | ||
| 100 | _aRatnaja, G. | ||
| 245 | _aSeeking better management of health care facilities. | ||
| 260 | _c1995 | ||
| 300 | _ap.32-35 | ||
| 362 | _aApr | ||
| 650 | _aManagement - India | ||
| 650 | _aMedical care - India | ||
| 773 | _aYojana | ||
| 909 | _a28754 | ||
| 999 |
_c28754 _d28754 |
||